[Event "Toronto Crown op"]
[Site "Toronto"]
[Date "2019.09.01"]
[Round "4"]
[White "Dukic, Zachary"]
[Black "Zhao, Jeffrey Renfei"]
[Result "0-1"]
[WhiteElo "2275"]
[BlackElo "1858"]
[PlyCount "138"]
[EventDate "2019.08.31"]
[EventType "swiss"]
[EventRounds "6"]
[EventCountry "CAN"]
[SourceTitle "EXT 2020"]
[Source "ChessBase"]
[SourceDate "2019.10.17"]
[SourceVersion "1"]
[SourceVersionDate "2019.10.17"]
[SourceQuality "1"]

1. e4 c5 2. Nf3 d6 3. d4 cxd4 4. Nxd4 Nf6 5. Nc3 a6 6. Bg5 e6 7. f4 Be7 8. Qf3 Qc7 9. 0-0-0 Nbd7 10. f5 e5 11. Nde2 b5 12. Bxf6 Nxf6 13. Nd5 Nxd5 14. exd5 Bb7 15. Ng3 Bg5+ 16. Kb1 Rc8 17. Bd3 Qc5 18. Qg4 Bh6 19. Be4 b4 20. Nh5 Kf8 21. h4 a5 22. Rh3 a4 23. Qf3 b3 24. axb3 axb3 25. Qxb3 Ba6 26. Qa3 Qxa3 27. Rxa3 Be2 28. Bf3 Bxd1 29. Bxd1 g6 30. Ng3 Kg7 31. Ne4 Rhd8 32. f6+ Kf8 33. Be2 Ra8 34. Rf3 Rdb8 35. c4 Rb6 36. Nc3 Bd2 37. Nb5 Bb4 38. h5 Bc5 39. Rh3 Kg8 40. Bd3 Rba6 41. Kc1 Ra1+ 42. Bb1 e4 43. Rh1 Re8 44. Nc3 Bd4 45. Nb5 Bc5 46. Nc3 e3 47. Ne2 Re5 48. hxg6 hxg6 49. b3 Ra8 50. Kb2 Bb4 51. Bd3 Rg5 52. Rh2 Be1 53. Be4 Re8 54. Bf3 Rf5 55. Rh1 Bb4 56. Ra1 Rxf6 57. Ra4 Rb8 58. Kc2 Rb7 59. Nd4 Rf4 60. Kd3 Bd2 61. Nb5 Rb6 62. Ra7 Kf8 63. Rc7 Rf6 64. Rc6 Rb8 65. Nxd6 Rxb3+ 66. Ke2 Bb4 67. Rc8+ Ke7 68. Ne4 Ra6 69. c5 Ra2+ 0-1

[Event "Kingston Easter U2200"]
[Site "Kingston"]
[Date "2019.04.21"]
[Round "7.20"]
[White "Doubleday, William G"]
[Black "Zhao, Jeffrey Renfei"]
[Result "1/2-1/2"]
[WhiteElo "1942"]
[BlackElo "1968"]
[PlyCount "96"]
[EventDate "2019.04.18"]
[EventType "swiss"]
[EventRounds "9"]
[EventCountry "CAN"]
[SourceTitle "EXT 2022"]
[Source "ChessBase"]
[SourceDate "2021.10.06"]
[SourceVersion "1"]
[SourceVersionDate "2021.10.06"]
[SourceQuality "1"]

1. d4 d5 2. c4 e6 3. Nc3 Nf6 4. Nf3 Be7 5. Bf4 0-0 6. e3 Nbd7 7. h3 b6 8. cxd5 Nxd5 9. Nxd5 exd5 10. a3 Bb7 11. Rc1 c5 12. Bd3 Rc8 13. 0-0 Re8 14. Re1 Bf8 15. Bb1 g6 16. dxc5 Nxc5 17. Nd4 Ne6 18. Rxc8 Qxc8 19. Be5 Bg7 20. Bxg7 Kxg7 21. Qd2 Qd7 22. Rc1 Rc8 23. Rxc8 Qxc8 24. Ba2 Kg8 25. Nb5 Qc6 26. Nd4 Qc8 27. f3 a6 28. Nxe6 fxe6 29. Qd4 Qc5 30. Qe5 Kf7 31. Kh2 Qc8 32. h4 Qd8 33. Kg3 b5 34. h5 Qf6 35. f4 Qxe5 36. fxe5 g5 37. Bb1 h6 38. Kf2 Ke7 39. g3 Kd7 40. Ke2 Kc6 41. Kd3 Kc5 42. b4+ Kb6 43. Kd4 Bc6 44. Bg6 Bd7 45. e4 dxe4 46. Bf7 Kc6 47. Kxe4 Kb6 48. Kd4 Kc6 1/2-1/2

[Event "Kingston Easter U2200"]
[Site "Kingston"]
[Date "2019.04.19"]
[Round "2.21"]
[White "Zhao, Jeffrey Renfei"]
[Black "Donev, Danail"]
[Result "0-1"]
[WhiteElo "1968"]
[BlackElo "2007"]
[PlyCount "42"]
[EventDate "2019.04.18"]
[EventType "swiss"]
[EventRounds "9"]
[EventCountry "CAN"]
[SourceTitle "EXT 2022"]
[Source "ChessBase"]
[SourceDate "2021.10.06"]
[SourceVersion "1"]
[SourceVersionDate "2021.10.06"]
[SourceQuality "1"]

1. e4 c5 2. Nf3 d6 3. d4 cxd4 4. Nxd4 Nf6 5. Nc3 a6 6. Be2 e5 7. Nb3 Be7 8. Be3 Be6 9. 0-0 0-0 10. Qd2 Nbd7 11. a4 Rc8 12. Rfd1 Qc7 13. f3 Rfd8 14. a5 Nc5 15. Nd5 Bxd5 16. exd5 Nxb3 17. cxb3 Qc2 18. b4 Nxd5 19. Qxd5 Qxe2 20. Bb6 Rc2 21. f4 e4 0-1

[Event "Guelph Winter Pro-Am"]
[Site "Guelph"]
[Date "2019.02.03"]
[Round "4.5"]
[White "Aniunoh, Chike Jude"]
[Black "Zhao, Jeffrey Renfei"]
[Result "0-1"]
[WhiteElo "2193"]
[BlackElo "2029"]
[PlyCount "102"]
[EventDate "2019.02.02"]
[EventType "swiss"]
[EventRounds "5"]
[EventCountry "CAN"]
[SourceTitle "EXT 2022"]
[Source "ChessBase"]
[SourceDate "2021.10.06"]
[SourceVersion "1"]
[SourceVersionDate "2021.10.06"]
[SourceQuality "1"]

1. e4 e5 2. Nf3 Nc6 3. Bc4 Bc5 4. d3 Nf6 5. Bb3 0-0 6. c3 a6 7. Bg5 d6 8. Nbd2 Be6 9. Nf1 Re8 10. Ng3 h6 11. Bd2 d5 12. 0-0 Qd7 13. Qe2 Rad8 14. h3 Bb6 15. Ba4 Qd6 16. Rfd1 Bd7 17. Bc2 Ne7 18. d4 Ng6 19. dxe5 Nxe5 20. Bf4 Nxf3+ 21. Qxf3 dxe4 22. Nxe4 Qe7 23. Nxf6+ Qxf6 24. Rd2 Bc6 25. Rxd8 Rxd8 26. Qg3 Re8 27. Bxc7 Bxc7 28. Qxc7 Qg5 29. Qg3 Qxg3 30. fxg3 Re2 31. Bf5 Rxg2+ 32. Kf1 Rxg3 33. Bc8 Kf8 34. Re1 g6 35. c4 h5 36. a4 Rd3 37. b4 Rd8 38. b5 Rxc8 39. bxc6 Rxc6 40. Re4 Rc5 41. h4 Ra5 42. c5 Rxc5 43. Rb4 b5 44. axb5 axb5 45. Kf2 Ke7 46. Kg3 Ke6 47. Re4+ Kd5 48. Re7 f5 49. Kf4 Rc4+ 50. Kg5 Rg4+ 51. Kh6 b4 0-1

[Event "Guelph Winter Pro-Am"]
[Site "Guelph"]
[Date "2019.02.03"]
[Round "5.3"]
[White "Zhao, Jeffrey Renfei"]
[Black "Plotkin, Victor"]
[Result "0-1"]
[WhiteElo "2029"]
[BlackElo "2391"]
[PlyCount "120"]
[EventDate "2019.02.02"]
[EventType "swiss"]
[EventRounds "5"]
[EventCountry "CAN"]
[SourceTitle "EXT 2022"]
[Source "ChessBase"]
[SourceDate "2021.10.06"]
[SourceVersion "1"]
[SourceVersionDate "2021.10.06"]
[SourceQuality "1"]

1. e4 e5 2. Nf3 Nf6 3. Nxe5 d6 4. Nf3 Nxe4 5. Nc3 Nxc3 6. dxc3 Be7 7. Bd3 Nc6 8. Bf4 Bf6 9. 0-0 0-0 10. Qd2 Ne5 11. Nxe5 dxe5 12. Be3 Qe7 13. Rad1 Bg4 14. f3 Be6 15. Qe2 Rfe8 16. Be4 c6 17. Rd2 Bg5 18. Rfd1 a6 19. Bxg5 Qxg5 20. Qf2 f5 21. Bd3 Bd5 22. Qg3 Qxg3 23. hxg3 g6 24. c4 Bf7 25. Be2 Be6 26. Kf2 Kf7 27. f4 exf4 28. gxf4 Ke7 29. b3 Rad8 30. Bf3 Rxd2+ 31. Rxd2 Kf6 32. c5 h6 33. Rd6 g5 34. fxg5+ hxg5 35. c4 Ke5 36. g3 Re7 37. Be2 Rd7 38. Rxd7 Bxd7 39. Ke3 Be8 40. b4 Bg6 41. a3 f4+ 42. gxf4+ gxf4+ 43. Kf2 Be4 44. Bg4 Bf5 45. Be2 Be4 46. Bg4 Kd4 47. Bc8 Kxc4 48. Bxb7 Kb5 49. Bc8 a5 50. bxa5 Kxa5 51. Ke2 Kb5 52. Bg4 Kxc5 53. Bf3 Bd5 54. Bxd5 cxd5 55. a4 d4 56. a5 Kb5 57. Kd3 f3 58. Kd2 Kxa5 59. Kd3 Kb4 60. Kd2 Kc4 0-1

[Event "Guelph Winter Pro-Am"]
[Site "Guelph"]
[Date "2019.02.02"]
[Round "2.4"]
[White "Guo, Josh"]
[Black "Zhao, Jeffrey Renfei"]
[Result "1-0"]
[WhiteElo "2245"]
[BlackElo "2029"]
[PlyCount "85"]
[EventDate "2019.02.02"]
[EventType "swiss"]
[EventRounds "5"]
[EventCountry "CAN"]
[SourceTitle "EXT 2022"]
[Source "ChessBase"]
[SourceDate "2021.10.06"]
[SourceVersion "1"]
[SourceVersionDate "2021.10.06"]
[SourceQuality "1"]

1. e4 e5 2. Nf3 Nc6 3. Bb5 g6 4. c3 Bg7 5. 0-0 Nge7 6. d4 a6 7. Ba4 b5 8. Bb3 0-0 9. Bg5 exd4 10. cxd4 d6 11. h3 Qe8 12. Nc3 Bb7 13. Re1 Qd7 14. Nd5 Nxd5 15. Bxd5 Rae8 16. Rc1 Na5 17. Bxb7 Nxb7 18. Qd2 Nd8 19. d5 f5 20. exf5 Rxe1+ 21. Qxe1 Rxf5 22. Bxd8 Qxd8 23. Qe6+ Kf8 24. Rc2 Rf6 25. Ng5 Rxe6 26. Nxe6+ Ke7 27. Nxd8 Kxd8 28. b3 Kd7 29. g4 g5 30. Kg2 Be5 31. Kf3 a5 32. Ke4 Bf4 33. h4 h6 34. Kf5 b4 35. h5 Be5 36. Rc6 Bd4 37. f3 Bg7 38. Kg6 Bf8 39. Ra6 Ke7 40. Rxa5 Kd7 41. Rb5 c5 42. Kf7 Be7 43. Rb7+ 1-0

[Event "Oakville Winter op U2100"]
[Site "Oakville"]
[Date "2019.01.27"]
[Round "4.12"]
[White "Brajkovic, Nikola"]
[Black "Zhao, Jeffrey Renfei"]
[Result "0-1"]
[WhiteElo "1992"]
[BlackElo "2052"]
[PlyCount "120"]
[EventDate "2019.01.25"]
[EventType "swiss"]
[EventRounds "5"]
[EventCountry "CAN"]
[SourceTitle "EXT 2022"]
[Source "ChessBase"]
[SourceDate "2021.10.06"]
[SourceVersion "1"]
[SourceVersionDate "2021.10.06"]
[SourceQuality "1"]

1. e4 e5 2. Nf3 Nc6 3. d4 exd4 4. Nxd4 Bc5 5. Be3 Qf6 6. c3 Nge7 7. Nf5 Bb6 8. Bxb6 axb6 9. Ne3 d6 10. Bd3 Be6 11. a3 0-0 12. 0-0 Ne5 13. f4 Nxd3 14. Qxd3 h5 15. Nd2 Bd7 16. Rf2 Bc6 17. Raf1 Rad8 18. Nd5 Bxd5 19. exd5 Qf5 20. Qxf5 Nxf5 21. Re1 Rfe8 22. Rfe2 Rxe2 23. Rxe2 Kf8 24. Kf2 Re8 25. Ne4 Re7 26. a4 Ke8 27. g3 Kd7 28. Kf3 Re8 29. Rd2 Ra8 30. b3 Re8 31. Rd3 f6 32. h3 Nh6 33. Rd1 Re7 34. Rg1 Kd8 35. Nf2 Nf5 36. Nd1 g5 37. Rf1 Kd7 38. fxg5 fxg5 39. Kg2 Re5 40. c4 Ke7 41. Rf2 Nd4 42. b4 Nf5 43. Rf3 Nd4 44. Rd3 Nc2 45. Rb3 Re4 46. Rc3 Nxb4 47. Ne3 Kf6 48. Kf3 Ke5 49. Rb3 Na6 50. Ra3 Nc5 51. a5 bxa5 52. Rxa5 Kd4 53. Ra3 Re5 54. g4 h4 55. Ke2 c6 56. dxc6 bxc6 57. Kd2 Ne4+ 58. Ke2 Ng3+ 59. Kf3 Kc5 60. Ra4 Re4 0-1

[Event "Ontario-ch U20"]
[Site "Mississauga"]
[Date "2019.01.13"]
[Round "4.3"]
[White "Zhao, Jeffrey Renfei"]
[Black "Rusonik, Max"]
[Result "1/2-1/2"]
[WhiteElo "2058"]
[BlackElo "2046"]
[PlyCount "119"]
[EventDate "2019.01.12"]
[EventType "swiss"]
[EventRounds "5"]
[EventCountry "CAN"]
[SourceTitle "EXT 2022"]
[Source "ChessBase"]
[SourceDate "2021.10.06"]
[SourceVersion "1"]
[SourceVersionDate "2021.10.06"]
[SourceQuality "1"]

1. e4 e5 2. Nf3 Nc6 3. Bc4 Bc5 4. c3 Nf6 5. d3 a6 6. Bb3 Ba7 7. Nbd2 0-0 8. 0-0 d6 9. Re1 Ng4 10. Re2 Kh8 11. Nc4 f5 12. h3 Qf6 13. Ncd2 Nh6 14. exf5 Nxf5 15. Ne4 Qg6 16. Kh2 h6 17. Bc2 d5 18. Ned2 Qd6 19. Kh1 Bd7 20. Nf1 Rae8 21. Qe1 Qf6 22. N1h2 Nh4 23. Nxh4 Qxh4 24. f3 Qh5 25. Be3 d4 26. Bf2 Bc5 27. Bg3 Bd6 28. Bb3 Be6 29. Bxe6 Rxe6 30. Ng4 Qf5 31. Nf2 Rfe8 32. Ne4 b5 33. Qd2 Nd8 34. Rae1 Nf7 35. Bh2 c5 36. b4 dxc3 37. Qxc3 cxb4 38. Qb3 Ng5 39. Nxd6 Rxd6 40. Bxe5 Rxd3 41. Qxb4 Red8 42. Qg4 Qf7 43. h4 Ne6 44. Qxe6 Qxe6 45. Bxg7+ Kxg7 46. Rxe6 R8d6 47. Kh2 Kf7 48. Rxd6 Rxd6 49. Re3 Rd4 50. Kh3 Kf6 51. g4 a5 52. Kg3 b4 53. a3 Rc4 54. axb4 axb4 55. Rb3 Ke5 56. Kf2 h5 57. gxh5 Rxh4 58. Ke3 Kd5 59. Kd3 Rh3 60. Rxb4 1/2-1/2

[Event "Ontario-ch U20"]
[Site "Mississauga"]
[Date "2019.01.12"]
[Round "1.4"]
[White "Zhao, Jeffrey Renfei"]
[Black "Ning, Alwin"]
[Result "1-0"]
[WhiteElo "2058"]
[BlackElo "1836"]
[PlyCount "55"]
[EventDate "2019.01.12"]
[EventType "swiss"]
[EventRounds "5"]
[EventCountry "CAN"]
[SourceTitle "EXT 2022"]
[Source "ChessBase"]
[SourceDate "2021.10.06"]
[SourceVersion "1"]
[SourceVersionDate "2021.10.06"]
[SourceQuality "1"]

1. e4 e5 2. Nf3 Nc6 3. Bc4 Bc5 4. c3 Nf6 5. d3 h6 6. Bb3 d6 7. Nbd2 Bg4 8. 0-0 0-0 9. Re1 Re8 10. Nf1 Be6 11. Ng3 d5 12. Nh4 Ng4 13. Nhf5 Nxf2 14. Qf3 Nxd3+ 15. Be3 Nxe1 16. Rxe1 Bxe3+ 17. Qxe3 Bxf5 18. Nxf5 dxe4 19. Nxh6+ gxh6 20. Qxh6 Qd6 21. Qh5 Qc5+ 22. Kf1 Qe7 23. Qg6+ Kf8 24. Qh6+ Kg8 25. Re3 Qh4 26. Qxh4 Kf8 27. Qf6 Nd8 28. Rh3 1-0

[Event "Newmarket Aurora Fall op"]
[Site "Newmarket"]
[Date "2018.10.21"]
[Round "4.7"]
[White "Zhang, Henry"]
[Black "Zhao, Jeffrey Renfei"]
[Result "1-0"]
[WhiteElo "2217"]
[BlackElo "2051"]
[PlyCount "82"]
[EventDate "2018.10.20"]
[EventType "swiss"]
[EventRounds "5"]
[EventCountry "CAN"]
[SourceTitle "EXT 2022"]
[Source "ChessBase"]
[SourceDate "2021.10.06"]
[SourceVersion "1"]
[SourceVersionDate "2021.10.06"]
[SourceQuality "1"]

1. e4 e5 2. Nf3 Nc6 3. d4 exd4 4. Nxd4 Bc5 5. Nb3 Bb6 6. Nc3 d6 7. Qe2 Be6 8. Be3 Nf6 9. 0-0-0 Qe7 10. g3 0-0 11. Bg2 Ne5 12. h3 Nc4 13. Bd4 Rfe8 14. f4 Na5 15. Kb1 Nxb3 16. axb3 Bd7 17. Rhe1 Bc6 18. Qd2 Rad8 19. g4 Nd7 20. Re2 Bxd4 21. Qxd4 Qf6 22. Qf2 h6 23. h4 Qg6 24. Bf3 Qf6 25. Qg3 g5 26. hxg5 hxg5 27. fxg5 Qxg5 28. Rh1 Kg7 29. Rh5 Qg6 30. Qf4 Re5 31. Reh2 Rxh5 32. gxh5 Qf6 33. Qg3+ Kh7 34. Rg2 Ne5 35. Bg4 Nxg4 36. Qxg4 Re8 37. Rg1 Kh6 38. Qh3 Qe6 39. Qe3+ Kh7 40. Qg5 Qe5 41. Qg4 Qe6 1-0

[Event "Newmarket Aurora Fall op"]
[Site "Newmarket"]
[Date "2018.10.20"]
[Round "1.4"]
[White "Zhao, Jeffrey Renfei"]
[Black "Plotkin, Victor"]
[Result "0-1"]
[WhiteElo "2051"]
[BlackElo "2393"]
[PlyCount "48"]
[EventDate "2018.10.20"]
[EventType "swiss"]
[EventRounds "5"]
[EventCountry "CAN"]
[SourceTitle "EXT 2022"]
[Source "ChessBase"]
[SourceDate "2021.10.06"]
[SourceVersion "1"]
[SourceVersionDate "2021.10.06"]
[SourceQuality "1"]

1. e4 e5 2. Nf3 Nf6 3. Nxe5 d6 4. Nf3 Nxe4 5. Nc3 Nxc3 6. dxc3 Be7 7. Be3 Nc6 8. Be2 0-0 9. 0-0 Bf5 10. Qd2 Qd7 11. Rad1 Rfe8 12. Rfe1 Bf6 13. Nd4 Nxd4 14. Bxd4 Bxd4 15. cxd4 Qa4 16. Qc3 Qxc2 17. Qxc2 Bxc2 18. Rc1 Bf5 19. Rxc7 Bd3 20. Kf1 Rxe2 21. Rxe2 Re8 22. Rcc2 Kf8 23. Ke1 Bxc2 24. Kd2 Rxe2+ 0-1

[Event "Mississauga Golden Horseshoe op"]
[Site "Mississauga"]
[Date "2018.06.02"]
[Round "1"]
[White "Zhao, Jeffrey Renfei"]
[Black "Casareno, Erwin"]
[Result "1-0"]
[WhiteElo "1746"]
[BlackElo "1839"]
[PlyCount "101"]
[EventDate "2018.06.02"]
[EventType "swiss"]
[EventRounds "5"]
[EventCountry "CAN"]
[SourceTitle "EXT 2019"]
[Source "ChessBase"]
[SourceDate "2018.10.10"]
[SourceVersion "1"]
[SourceVersionDate "2018.10.10"]
[SourceQuality "1"]

1. e4 d5 2. exd5 Qxd5 3. Nc3 Qa5 4. d4 Nf6 5. Nf3 Bg4 6. Be2 e6 7. 0-0 Nbd7 8. Bd2 Qb6 9. Na4 Qd6 10. Be3 Be7 11. Nc3 c6 12. a3 0-0 13. Qd2 Qc7 14. Rad1 Rfd8 15. Bf4 Bd6 16. Bxd6 Qxd6 17. h3 Bf5 18. Nh4 Bg6 19. Nxg6 hxg6 20. Bf3 Nb6 21. Qc1 Qc7 22. Rfe1 Nc4 23. Ne4 Qb6 24. Nxf6+ gxf6 25. b3 Nd6 26. Qf4 Nf5 27. Re4 g5 28. Qg4 Rd7 29. b4 Rad8 30. c3 Qa6 31. Be2 Qxa3 32. f4 Ng7 33. Qf3 gxf4 34. Rxf4 f5 35. Rh4 Qb3 36. Qe3 f6 37. Qh6 e5 38. Qxf6 Qf7 39. Qxf7+ Kxf7 40. Rh6 e4 41. Bc4+ Ke7 42. Rg6 Ne8 43. Be6 Rd6 44. Bxf5 Rxg6 45. Bxg6 Nd6 46. Re1 Kf6 47. Bxe4 Re8 48. Rf1+ Kg5 49. Bd3 Re3 50. Rd1 Kf4 51. Kf2 1-0

[Event "Aurora Spring op"]
[Site "Aurora"]
[Date "2018.03.25"]
[Round "4.9"]
[White "Zhao, Jeffrey Renfei"]
[Black "Qiao, Cindy"]
[Result "1/2-1/2"]
[WhiteElo "1706"]
[BlackElo "1765"]
[PlyCount "73"]
[EventDate "2018.03.24"]
[EventType "swiss"]
[EventRounds "5"]
[EventCountry "CAN"]
[SourceTitle "EXT 2022"]
[Source "ChessBase"]
[SourceDate "2021.10.06"]
[SourceVersion "1"]
[SourceVersionDate "2021.10.06"]
[SourceQuality "1"]

1. e4 c5 2. Nf3 d6 3. d4 cxd4 4. Nxd4 Nf6 5. Nc3 g6 6. Be3 Bg7 7. f3 Nc6 8. Be2 0-0 9. Qd2 Bd7 10. 0-0-0 Nxd4 11. Bxd4 Qa5 12. Kb1 e6 13. Bxf6 Bxf6 14. Nd5 Qd8 15. Nxf6+ Qxf6 16. Qxd6 Rfd8 17. e5 Qg5 18. g3 Ba4 19. f4 Bxc2+ 20. Kxc2 Qf5+ 21. Bd3 Rxd6 22. Bxf5 Rc6+ 23. Kb1 exf5 24. Rd7 b6 25. Rhd1 a5 26. Rd8+ Rxd8 27. Rxd8+ Kg7 28. Rd7 Kf8 29. Rb7 h6 30. b3 f6 31. exf6 Rxf6 32. Kc2 Ke8 33. h4 Kd8 34. Kd3 Rd6+ 35. Kc3 Kc8 36. Rg7 h5 37. a4 1/2-1/2

[Event "Aurora Spring op"]
[Site "Aurora"]
[Date "2018.03.24"]
[Round "2.10"]
[White "Surya, Benito"]
[Black "Zhao, Jeffrey Renfei"]
[Result "1-0"]
[WhiteElo "1853"]
[BlackElo "1706"]
[PlyCount "95"]
[EventDate "2018.03.24"]
[EventType "swiss"]
[EventRounds "5"]
[EventCountry "CAN"]
[SourceTitle "EXT 2022"]
[Source "ChessBase"]
[SourceDate "2021.10.06"]
[SourceVersion "1"]
[SourceVersionDate "2021.10.06"]
[SourceQuality "1"]

1. e4 e5 2. Nf3 Nc6 3. Bb5 a6 4. Bxc6 dxc6 5. Nc3 Bd6 6. d4 Bg4 7. dxe5 Bxf3 8. Qxf3 Bxe5 9. Bf4 Qe7 10. Bxe5 Qxe5 11. Qg3 Qxg3 12. hxg3 Nf6 13. 0-0-0 0-0 14. Rd2 Rfe8 15. f3 g5 16. Ne2 c5 17. Nc3 c6 18. Na4 Re5 19. Nb6 Rae8 20. Rh6 R5e6 21. Nd7 Kg7 22. Rxf6 Rxf6 23. Nxf6 Kxf6 24. Rd7 Re7 25. Rxe7 Kxe7 26. c4 Ke6 27. Kd2 f6 28. a4 b5 29. b3 Ke5 30. Ke3 Ke6 31. f4 h6 32. Kf3 h5 33. g4 h4 34. g3 hxg3 35. Kxg3 Kf7 36. Kf3 Kg6 37. Ke3 Kf7 38. e5 Ke6 39. exf6 Kxf6 40. fxg5+ Kxg5 41. Kf3 Kg6 42. Kf4 Kf6 43. g5+ Kg6 44. Kg4 a5 45. Kf4 bxa4 46. bxa4 Kg7 47. Kf5 Kf7 48. Ke5 1-0

[Event "Canadian op U1800"]
[Site "Sault Ste Marie"]
[Date "2017.07.11"]
[Round "2.46"]
[White "Zhao, Jeffrey Renfei"]
[Black "Kuttner, Amos"]
[Result "1/2-1/2"]
[WhiteElo "1525"]
[BlackElo "1706"]
[PlyCount "143"]
[EventDate "2017.07.08"]
[EventType "swiss"]
[EventRounds "9"]
[EventCountry "CAN"]
[SourceTitle "EXT 2022"]
[Source "ChessBase"]
[SourceDate "2021.10.06"]
[SourceVersion "1"]
[SourceVersionDate "2021.10.06"]
[SourceQuality "1"]

1. e4 e5 2. Nf3 Nc6 3. Bc4 Be7 4. 0-0 Nf6 5. Re1 d6 6. d3 Na5 7. Bb3 Nxb3 8. axb3 0-0 9. Nbd2 c5 10. Nf1 Re8 11. Ng3 h6 12. h3 a6 13. Bd2 Be6 14. Nh2 Nh7 15. Ng4 Bg5 16. Ne3 Nf8 17. Nef5 Ng6 18. Bxg5 hxg5 19. Nh5 Bxf5 20. exf5 Nf4 21. Qg4 Nxh5 22. Qxh5 Qf6 23. Qg4 Rac8 24. Re3 d5 25. Rg3 e4 26. dxe4 Rxe4 27. Qxg5 Qxg5 28. Rxg5 f6 29. Rg4 Re2 30. Rd1 Rxc2 31. Rxd5 Rxb2 32. Rd7 g5 33. fxg6 Rxb3 34. Rh4 Rb4 35. Rh5 Rd4 36. Rxb7 Rcd8 37. Rxc5 R4d7 38. Rxd7 Rxd7 39. Rc6 Ra7 40. Rxf6 a5 41. Rb6 a4 42. Rb1 Kg7 43. Ra1 a3 44. g4 Kxg6 45. Kg2 Kg5 46. Kg3 Ra4 47. Ra2 Kg6 48. f3 Kf6 49. h4 Kg6 50. Kf2 Kf6 51. Ke3 Ke5 52. h5 Kf6 53. f4 Ke6 54. h6 Kf6 55. h7 Kg7 56. g5 Kxh7 57. Kf3 Kg6 58. Kg4 Kf7 59. Kh5 Rxf4 60. Rxa3 Kg7 61. Ra7+ Kg8 62. Kg6 Rf8 63. Kh6 Rb8 64. g6 Kh8 65. Ra5 Kg8 66. Rf5 Ra8 67. Rf6 Rb8 68. Rf5 Rb1 69. Kg5 Kg7 70. Rf7+ Kg8 71. Rf6 Kg7 72. Rf4 1/2-1/2

[Event "CAN-ch U12"]
[Site "Sault Ste Marie"]
[Date "2017.07.06"]
[Round "1.67"]
[White "Zhao, Jeffrey Renfei"]
[Black "Sotnikov, Alexander2222"]
[Result "1-0"]
[WhiteElo "1525"]
[BlackElo "651"]
[PlyCount "27"]
[EventDate "2017.07.06"]
[EventType "swiss"]
[EventRounds "7"]
[EventCountry "CAN"]
[SourceTitle "EXT 2022"]
[Source "ChessBase"]
[SourceDate "2021.10.06"]
[SourceVersion "1"]
[SourceVersionDate "2021.10.06"]
[SourceQuality "1"]

1. e4 e5 2. Nf3 Nf6 3. Nxe5 d6 4. Nf3 Nxe4 5. Nc3 d5 6. Qe2 Qe7 7. Nxd5 Qd6 8. Qxe4+ Be6 9. Bc4 b5 10. Nxc7+ Qxc7 11. Bxe6 fxe6 12. Qxa8 Ke7 13. b3 g6 14. Ba3+ 1-0

[Event "Aurora Spring op U2000"]
[Site "Aurora"]
[Date "2017.04.02"]
[Round "5.3"]
[White "Robertson, Kole"]
[Black "Zhao, Jeffrey Renfei"]
[Result "1-0"]
[WhiteElo "1642"]
[BlackElo "1367"]
[PlyCount "75"]
[EventDate "2017.04.01"]
[EventType "swiss"]
[EventRounds "5"]
[EventCountry "CAN"]
[SourceTitle "EXT 2022"]
[Source "ChessBase"]
[SourceDate "2021.10.06"]
[SourceVersion "1"]
[SourceVersionDate "2021.10.06"]
[SourceQuality "1"]

1. d4 d5 2. Nf3 Nf6 3. e3 e6 4. Bd3 Nbd7 5. Nbd2 b6 6. 0-0 Bd6 7. b3 0-0 8. Bb2 Bb7 9. Ne5 c5 10. f4 Rc8 11. Qe2 Bb8 12. Ndf3 Ne4 13. Nxd7 Qxd7 14. Ne5 Qd8 15. Rad1 f6 16. Bxe4 dxe4 17. dxc5 Bd5 18. Ng4 Qc7 19. c4 Bc6 20. cxb6 axb6 21. Rd2 Qf7 22. Rfd1 Bc7 23. Ba3 Rfe8 24. Bd6 Red8 25. Bxc7 Qxc7 26. Rd4 Be8 27. Nf2 f5 28. Qd2 Rxd4 29. Qxd4 Ra8 30. Rd2 b5 31. c5 Rc8 32. b4 Bc6 33. Nd1 Kf7 34. Nc3 Rb8 35. g4 g6 36. g5 Rb7 37. Qf6+ Kg8 38. Rd8+ 1-0

[Event "Aurora Spring op U2000"]
[Site "Aurora"]
[Date "2017.04.01"]
[Round "3.6"]
[White "Zhao, Jeffrey Renfei"]
[Black "Zhao, Jeffrey R"]
[Result "1-0"]
[WhiteElo "1367"]
[BlackElo "1180"]
[PlyCount "59"]
[EventDate "2017.04.01"]
[EventType "swiss"]
[EventRounds "5"]
[EventCountry "CAN"]
[SourceTitle "EXT 2022"]
[Source "ChessBase"]
[SourceDate "2021.10.06"]
[SourceVersion "1"]
[SourceVersionDate "2021.10.06"]
[SourceQuality "1"]

1. e4 c5 2. Nf3 d6 3. d4 cxd4 4. Nxd4 Nf6 5. Nc3 a6 6. Be3 e5 7. Nb3 Be6 8. Be2 Be7 9. 0-0 Nbd7 10. Qd2 b5 11. Rad1 b4 12. Nd5 Nxe4 13. Qd3 Bxd5 14. Qxd5 Nef6 15. Qd3 0-0 16. f4 e4 17. Qd4 a5 18. Bc4 Qc7 19. Nd2 Rfc8 20. b3 Qc6 21. Nb1 Ng4 22. Bd5 Bf6 23. Qd2 Qxc2 24. Bxa8 Qxd2 25. Rxd2 Nxe3 26. Re1 Ng4 27. Bxe4 Nc5 28. Bf5 Rd8 29. Bxg4 d5 30. Rxd5 1-0